|
|
|
|
| LEADER |
01047nam a22002412a 4500 |
| 001 |
000326381 |
| 003 |
CZ BrMZK |
| 005 |
20240410063252.0 |
| 007 |
ta |
| 008 |
980107s1965 xo f 000 0 slo d |
| 040 |
|
|
|a BOA001
|b cze
|
| 100 |
1 |
|
|a Cícha, Václav,
|d 1913-
|7 jk01020692
|4 aut
|
| 245 |
1 |
0 |
|a Výchovné pôsobenie na hodinách ruštiny na ZDŠ :
|b príspevok k rozvoju komunistického presvedčenia vo vyučovaní ruštine na ZDŠ /
|c Václav Cícha, Anna Mária Effenbergerová
|
| 250 |
|
|
|a 1. vyd.
|
| 260 |
|
|
|a Bratislava :
|b Slovenské pedagogické nakladateľstvo,
|c 1965
|
| 300 |
|
|
|a 58 s.
|
| 504 |
|
|
|a Obsahuje bibliografii
|
| 700 |
1 |
|
|a Effenbergerová, Anna Marie,
|d 1925-
|7 jk01030311
|4 aut
|
| 910 |
|
|
|a BOA001
|b 2-0539.262
|b PK-0039.894
|
| 964 |
|
|
|a Ruština - výchova komunistická - příručky - školy základní devítileté
|
| 990 |
|
|
|a BK
|
| 996 |
7 |
|
|b 2619035164
|c 2-0539.262
|l HP2
|r DEN
|n 0
|w 000326381
|u 000020
|a 1
|e BOA001
|j MZK50
|s A
|
| 996 |
7 |
|
|b 3119928045
|c PK-0039.894
|l MZK
|r Sklad / do 1 hodiny
|n 0
|w 000326381
|u 000010
|a 1
|e BOA001
|j MZK50
|s A
|